| 000 | 01016nmm a2200361 a 4500 | ||
|---|---|---|---|
| 003 | AR-BaBNM | ||
| 005 | 20251128205346.0 | ||
| 008 | 187019s1977 ||||||||||||||000 | spa|| | ||
| 020 | _a84-276-0426-2 | ||
| 040 | _cAR-BaBNM | ||
| 100 | 1 | _aRuiz Lagos, Manuel | |
| 245 | 1 | 0 |
_aEnsayos de la revolución _bAndalucía en llamas 1868-1875 |
| 260 |
_aMadrid _bNacional _c1977 |
||
| 300 |
_a390 p. _bil., láms., tablas |
||
| 500 | _aContiene apéndice documental para consultar p. 101-124;223-301. | ||
| 650 | 4 | _aDISTURBIOS CIVILES | |
| 650 | 4 | _aGUERRA CIVIL | |
| 650 | 4 | _aMOVIMIENTOS REVOLUCIONARIOS | |
| 650 | 4 | _aMOTIN | |
| 650 | 4 | _aHISTORIA ECONOMICA | |
| 650 | 4 | _aHISTORIA SOCIAL | |
| 650 | 4 | _aEDUCACION | |
| 650 | 4 | _aCIENCIAS POLITICAS | |
| 650 | 4 | _aHISTORIA POLITICA | |
| 650 | 4 | _aHISTORIA DE LAS IDEAS | |
| 650 | 4 | _aREVOLUCION | |
| 650 | 4 | _aMOVIMIENTO OBRERO | |
| 650 | 4 | _aIDEOLOGIAS POLITICAS | |
| 651 | 4 | _aEspaña | |
| 653 | _aHISTORIA ESPAÑOLA | ||
| 942 | _cBK | ||
| 998 | _cmariana | ||
| 999 |
_c11086 _d11086 |
||